000 00512nam a2200193Ia 4500
005 20260429111845.0
008 260429s9999||||xx |||||||||||||| ||und||
020 _a9789386777263
041 _aEnglish
082 _a660.65
_bSHA
100 _aSharma, Manoj Kumar
245 0 _aMolecular biotechnology /
_cManoj Kumar Sharma
250 _a1st ed.
260 _aNew Delhi :
_bIshwar Books,
_c2025.
300 _ax, 303 p.; hb
650 _aMolecular biotechnology
700 _a Sharma, M.K.
942 _cTB
999 _c51164
_d51164